Dispute resolution boards (Record no. 78937)
[ view plain ]
| 000 -LEADER | |
|---|---|
| fixed length control field | 01042cab a22001935a 4500 |
| 001 - CONTROL NUMBER | |
| control field | L138631 |
| 008 - FIXED-LENGTH DATA ELEMENTS--GENERAL INFORMATION | |
| fixed length control field | 070627e20070620xxk F 000 0 eng d |
| 035 ## - SYSTEM CONTROL NUMBER | |
| System control number | (Sirsi) u138631 |
| 041 0# - LANGUAGE CODE | |
| Language code of text/sound track or separate title | eng |
| 100 1# - MAIN ENTRY--PERSONAL NAME | |
| Personal name | Blake, David |
| 245 00 - TITLE STATEMENT | |
| Title | Dispute resolution boards |
| 260 ## - PUBLICATION, DISTRIBUTION, ETC. | |
| Date of publication, distribution, etc. | 2007 |
| 490 ## - SERIES STATEMENT | |
| Series statement | Contract Journal |
| Volume/sequential designation | 439(6630) 20 June 2007, 42(1) |
| 520 ## - SUMMARY, ETC. | |
| Summary, etc. | Describes the workings and legal aspects of dispute resolution boards. Defines the two types: Dispute Adjudication Boards and Dispute Review Boards. Both are widely used in the US, but relatively new to dispute resolution in the UK. They are formed to enhance communication and expertise. They are financed at contract level. Their advantages include objectivity and neutrality. However, the format is open to abuse and Dispute Review Boards? decisions are not binding. |
| 590 ## - LOCAL NOTE (RLIN) | |
| Local note | KA |
| 651 #4 - SUBJECT ADDED ENTRY--GEOGRAPHIC NAME | |
| Geographic name | United Kingdom |
| Chronological subdivision | |
| 690 ## - LOCAL SUBJECT ADDED ENTRY--TOPICAL TERM (OCLC, RLIN) | |
| Topical term or geographic name as entry element | MANAGEMENT-DISPUTE AVOIDANCE, MANAGEMENT AND RESOLUTION-DISPUTE MANAGEMENT AND RESOLUTION-ALTERNATIVE DISPUTE RESOLUTION-ADJUDICATION |
| 942 ## - ADDED ENTRY ELEMENTS (KOHA) | |
| Suppress in OPAC | 0 |
| Withdrawn status | Lost status | Source of classification or shelving scheme | Damaged status | Not for loan | Home library | Current library | Shelving location | Date acquired | Total Checkouts | Full call number | Barcode | Date last seen | Copy number | Price effective from | Koha item type |
|---|---|---|---|---|---|---|---|---|---|---|---|---|---|---|---|
| Dewey Decimal Classification | London | London | Journal article | 27/06/2007 | L138631 | 138631-1001 | 06/08/2019 | 1 | 06/08/2019 | Journal article |